Statistics for top 30 wwe stars

Click here to take the quiz!

General Stats

  • This quiz has been taken 1,128 times
  • The average score is 18 of 30

Answer Stats

HintAnswer% Correct
4rated R superstaredge
88%
5the gametriple h
88%
6HIT MANbret hart
85%
10u can't see mejohn cena
84%
12hulkmaniahulk hogan
83%
11the viperrandy orton
82%
33:16stone cold steve austin
81%
14the dead manundertaker
81%
30the big red monsterkane
75%
28matt and jeff ________hardy
73%
8mankind, dude love, and cactus jackmick foley
73%
13macho manrandy savage
72%
18worlds strongest manmark henry
71%
21the nature boyric flair
69%
19the ultimante _______warrior
68%
25the animalbatista
66%
2know your role and shut your mouththe rock
65%
27olymic gold melatlistkurt angle
64%
1the 8th wonder of the worldAndre the giant
62%
9paul wrightbig show
62%
26the bad guy razor _______ramon
58%
15kevin nashdiesel
57%
22sgt. ___________slaughter
57%
24Big John _______studd
49%
20ricky ___ _______ stemboatthe dragon
49%
23japiniese MMA fighter 500 poundsyokozuna
41%
16the heartbreak kidshawn micheals
30%
7Y2Jchris jerhico
1%
29you didn't know you better call somebodybilly gunn and road dogg
0%
17latino heateddie gurreou
0%

Score Distribution

Percentile by Number Answered

Percent of People with Each Score

Your Score History

You have not taken this quiz